000 00574nam a22002057a 4500
003 OSt
005 20180406132427.0
008 180406b xxu||||| |||| 00| 0 eng d
020 _a9780070278516
040 _cDDC
082 _a332.042 MOO 2013
100 _aMoosa, A. Imad
_912596
245 _aInternational Finance: an analytical approach
250 _a3rd ed.
260 _aBoston; McGraw-Hill, 2013
300 _axv,560p; col.ill: 25cm
504 _aReferences, formulae, glossary, & index included
650 _aInternational finance
_91014
942 _2z
_cB_BANK
999 _c6082
_d6082